|
|
|
|
| LEADER |
00873cam a2200241 7i4500 |
| 001 |
0000018606 |
| 005 |
20170218090000.0 |
| 008 |
071106 eng |
| 020 |
|
|
|a 9780131718739
|
| 020 |
|
|
|a 0131718738 (pbk.)
|
| 040 |
|
|
|a DLC
|
| 090 |
0 |
0 |
|a HD1761
|b .A37 2007
|
| 245 |
0 |
0 |
|a Agricultural and food policy
|c Ronald D. Knutson...[et al.].
|
| 250 |
|
|
|a 6th ed.
|
| 260 |
|
|
|a Upper Saddle River, N.J.:
|b Pearson/Prentice Hall,
|c 2007.
|
| 300 |
|
|
|a xiv, 188 p.:
|b ill.;
|c 24 cm.
|
| 504 |
|
|
|a Includes bibliographical references and index
|
| 650 |
0 |
0 |
|a Food supply --
|x Government policy --
|z United States
|
| 650 |
0 |
0 |
|a Agriculture and state --
|z United States
|
| 651 |
|
0 |
|a United States --
|x Commercial policy
|
| 700 |
1 |
|
|a Knutson, Ronald D.
|
| 997 |
|
|
|a Business & Accountancy, Faculty
|
| 999 |
|
|
|a 0000019983
|b BOK
|c OPEN SHELF
|e 1st Floor, Bestari Jaya
|